000 01089nam a22002417a 4500
003 OSt
005 20250930161810.0
008 240319b ||||| |||| 00| 0 eng d
040 _c0
082 _aDPer 621.381 In821 August 2022 v. 37 n. 8
100 _aSun, Keyao.
_eauthor.
_954992
245 _aDesign and multiobjective optimization of an auxiliary wireless power transfer converter in medium-voltage modular conversion systems /
_cKeyao Sun, Jun Wang, Rolando Burgos, Dushan Boroyevich, Joshua Stewart, and Ning Yan.
260 _aNew York ;
_bThe Institute of Electrical and Electronics Engineers, Inc. ,
_cAugust 2022.
300 _aVolume 37, pages 9944-9958 :
_billustration ;
_c28 cm.
500 _aIEEE Transitions on Power Electronics, v. 37 n. 8, pages 9944-9958, August 2022.
700 _aSun, Keyao.
_eauthor.
_954992
700 _aWang, Jun.
_eauthor.
_954993
700 _aBurgos, Rolando.
_eauthor.
_954994
700 _aBoroyevich, Dushan.
_eauthor.
_954995
700 _aStewart, Joshua.
_eauthor.
_954996
700 _aYan, Ning.
_eauthor.
_954997
942 _2ddc
_cPER
999 _c19752
_d19752